000 00661nam a2200241Ia 4500
003 OSt
005 20220918174249.0
006 a|||||r|||| 00| 0
007 ta
008 220917b |||||||| |||| 00| 0 eng d
024 _a11,291
037 _cTextual
040 _aARTS
_cARTS
_beng
041 _2eng
_aeng
082 _aM2.3.N5, J6
100 _aGerald J Edward
_949719
245 0 _aBritish press under government economic controls
260 _aMinneapolis
_bUniversity of Minnesota
_c1956
300 _a235
_ccm.
650 _aINDUSTRIAL ARTS
942 _hM2.3.N5, J6
_cTEXL
_2CC
999 _c152405
_d152405